000 00368 a2200133 4500
005 20260313124137.0
020 _a9781526494825
100 _aSEWELL,A
245 _aIntroduction to Special Educational Needs Disability and Inclusion
260 _aLondon
_bSAGE
_c2021
300 _aviii,236p;ill;table.
_bReference and Index
_c23cm
700 _aSMITH,J
942 _2ddc
_cBKS
999 _c6808
_d6808